| 000 | 01520cam a2200337 a 4500 | ||
|---|---|---|---|
| 001 | 15058634 | ||
| 005 | 20080710184616.0 | ||
| 008 | 071025s2008 enka b 001 0 eng | ||
| 010 | _a 2007044297 | ||
| 020 | _a9781855394391 | ||
| 020 | _a1855394391 | ||
| 035 | _a(OCoLC)ocn181335719 | ||
| 035 |
_a(OCoLC)181335719 _z(OCoLC)156830875 |
||
| 040 |
_aDLC _cDLC _dBAKER _dYDXCP _dBTCTA _dBWKUK _dBWK _dBWX _dDLC |
||
| 050 | 0 | 0 |
_aLB1072 _b.P36 2008 |
| 082 | 0 | 0 |
_a370.1534 _222 _bPAN |
| 100 | 1 |
_aPanju, Marziyah. _94940 |
|
| 245 | 1 | 0 |
_a7 successful strategies to promote emotional intelligence in the classroom / _cMarziyah Panju. |
| 246 | 3 | _aSeven successful strategies to promote emotional intelligence in the classroom | |
| 260 |
_aLondon ; _aNew York : _bContinuum, _cc2008. |
||
| 300 |
_a99 p. : _bill. ; _c22 cm. |
||
| 504 | _aIncludes bibliographical references (p. 97) and index. | ||
| 505 | 0 | _aWhat is emotional intelligence? -- Emotional intelligence competencies -- The ELEVATE strategies. | |
| 650 | 0 |
_aAffective education. _94941 |
|
| 650 | 0 |
_aEmotional intelligence. _94942 |
|
| 650 | 0 |
_aSocial learning. _94943 |
|
| 650 | 0 |
_aEmotions and cognition. _94944 |
|
| 942 |
_2ddc _cBB |
||
| 999 |
_c11574 _d11574 |
||